000 00714nam a22001937a 4500
003 0
005 20160609165301.0
008 100118t xxu||||| |||| 00| 0 eng d
037 _aM15465
_bBIBLIO
040 _aUAC
_bF
_cEPAC
082 _a27.ABM/ADE
100 _aDorcasse ADETONAN Roseline ATTOLOU & Renaud GOVOETCHAN
_92880
245 _aEvaluation de l'efficacité d'une imprégnation réalisée au K-O Tab 1-2-3R sur divers types de moustiquaires soumises aux pratiques communautaires de lavage au Bénin
260 _aEPAC
_bBIBLIO
_c2007-2008
300 _aI-83p
_c29cm
500 _aMem Ecole Polytechnique d'Abomey Calavi 2008
650 _aEFFICACITE IMPREGNATION MOUSTIQUAIRE
_92881
942 _cTHE
999 _c46745
_d46745